000 00353nam a2200121Ia 4500
008 151213s9999 xx 000 0 und d
245 _aবঙ্কিম চন্দ্র অন্য ভাবনায়।
260 _aঢাকা
_bস্রজন।
_c2004
300 _a8646 p.
650 _aBangla
650 _aগল্প।
999 _c4433
_d4433